| 000 | 00616nam a22001937a 4500 | ||
|---|---|---|---|
| 005 | 20180419095816.0 | ||
| 010 | _aENG-122533 | ||
| 020 |
_a9789383166138 _c495.00 |
||
| 035 | _aEN-106065 | ||
| 037 | _bDBAD/PUB. | ||
| 082 | _a954.083 | ||
| 100 | _aMukherjee, Rudrangshu | ||
| 245 |
_aThe year of blood : _cby Rudrangshu Mukherjee _bessays on the revolt of 1857 / |
||
| 260 |
_aNew Delhi _bSocial Science Press _c2016 |
||
| 270 |
_a69, Jor Bagh, _bNew Delhi _e110003 |
||
| 300 |
_a163p. _bill. picture _c21cm.(pbk) |
||
| 500 | _aIncludes bibliography and index | ||
| 942 |
_2ddc _cEN _mMUK _h954.083 |
||
| 999 |
_c150937 _d150937 |
||